Statistics for Pretty Little Liars last names

Click here to take the quiz!

General Stats

  • This quiz has been taken 122 times
  • The average score is 12 of 15

Answer Stats

namelast name% Correct
AriaMontgomery
98%
HannaMarin
97%
EmilyFields
97%
SpencerHastings
97%
EzraFitz
92%
NoelKahn
89%
CeCeDrake
88%
CalebRivers
86%
DarrenWilden
84%
AlisonDiLaurentis
82%
TobyCavanaugh
80%
JennaMarshall
79%
IanThomas
78%
MayaSt. Germain
77%
MonaVenderwaal
2%

Score Distribution

Percentile by Number Answered

Percent of People with Each Score

Your Score History

You have not taken this quiz